[Event "CHN-ch Blitz (Women)"]
[Site "Hohhot"]
[Date "2024.11.14"]
[Round "6"]
[White "Wang, Chuqiao"]
[Black "Jiang, Tianyu"]
[Result "1-0"]
[WhiteElo "2185"]
[BlackElo "2081"]
[PlyCount "93"]
[EventDate "2024.11.13"]
[EventType "swiss (blitz)"]
[EventRounds "9"]
[EventCountry "CHN"]
[SourceTitle "CB49_2024"]
[SourceDate "2024.12.04"]
[SourceVersion "1"]
[SourceVersionDate "2024.12.04"]
[SourceQuality "1"]

1. d4 Nf6 2. c4 e6 3. Nf3 Bb4+ 4. Bd2 Bxd2+ 5. Qxd2 0-0 6. Nc3 d5 7. e3 Qe7 8. Rc1 Rd8 9. cxd5 exd5 10. Bd3 c6 11. 0-0 Nbd7 12. Qc2 Re8 13. a3 a5 14. Rce1 Qf8 15. Nd2 h6 16. Na4 Qd6 17. Nb3 Ng4 18. g3 Ngf6 19. Nbc5 Rb8 20. Rc1 Nf8 21. Rfe1 Bg4 22. Be2 h5 23. Nd3 h4 24. Ne5 Bxe2 25. Qxe2 N8d7 26. Nxd7 Qxd7 27. Nc5 Qf5 28. Nd3 Qh7 29. Ne5 Re6 30. b4 axb4 31. axb4 Ne4 32. g4 h3 33. f3 Nd6 34. Ra1 Rbe8 35. Qf2 f6 36. Nd7 Nc4 37. e4 dxe4 38. fxe4 Rxe4 39. Nc5 R4e7 40. Rxe7 Rxe7 41. Qa2 b5 42. Qa8+ Kf7 43. Qxc6 Qc2 44. Qd5+ Kf8 45. Ra8+ Re8 46. Ne6+ Ke7 47. Ra7# 1-0

[Event "CHN-ch Rapid (Women)"]
[Site "Hohhot"]
[Date "2024.11.13"]
[Round "6"]
[White "Wang, Chuqiao"]
[Black "Wang, Qinxuanyi"]
[Result "1/2-1/2"]
[WhiteElo "2068"]
[BlackElo "2156"]
[PlyCount "97"]
[EventDate "2024.11.12"]
[EventType "swiss (rapid)"]
[EventRounds "9"]
[EventCountry "CHN"]
[SourceTitle "CB49_2024"]
[SourceDate "2024.12.04"]
[SourceVersion "1"]
[SourceVersionDate "2024.12.04"]
[SourceQuality "1"]

1. d4 d5 2. c4 c6 3. Nf3 Nf6 4. e3 Bf5 5. Nc3 e6 6. Nh4 Bg6 7. Qb3 Qc7 8. Bd2 Ne4 9. Nxe4 Bxe4 10. f3 Bg6 11. Rc1 Bd6 12. Bb4 Bxh2 13. Nxg6 hxg6 14. Kd1 Rh6 15. cxd5 exd5 16. Ba5 b6 17. Bd2 Bd6 18. Rxh6 gxh6 19. e4 dxe4 20. fxe4 Qd7 21. e5 Be7 22. Qd3 Qg4+ 23. Be2 Qxg2 24. Bf3 Qg1+ 25. Kc2 Qf2 26. Rf1 Qh2 27. d5 Nd7 28. e6 Ne5 29. exf7+ Kf8 30. Qc3 Bg5 31. Rd1 Rd8 32. Kb1 Bxd2 33. Rxd2 Qg3 34. Re2 Qxf3 35. Qxe5 Qf5+ 36. Qxf5 gxf5 37. dxc6 Kxf7 38. b4 b5 39. Re5 Rc8 40. Rxf5+ Ke6 41. Rh5 Rxc6 42. Rxh6+ Kd5 43. Rxc6 Kxc6 44. Kc2 Kd5 45. Kd3 a6 46. a3 Ke5 47. Ke3 Kd5 48. Kd3 Ke5 49. Ke3 1/2-1/2

[Event "CHN-ch Blitz (Women)"]
[Site "Hohhot"]
[Date "2024.11.13"]
[Round "3"]
[White "Wang, Chuqiao"]
[Black "Zhang, Lanlin"]
[Result "1-0"]
[WhiteElo "2185"]
[BlackElo "2210"]
[PlyCount "71"]
[EventDate "2024.11.13"]
[EventType "swiss (blitz)"]
[EventRounds "9"]
[EventCountry "CHN"]
[SourceTitle "CB49_2024"]
[SourceDate "2024.12.04"]
[SourceVersion "1"]
[SourceVersionDate "2024.12.04"]
[SourceQuality "1"]

1. d4 Nf6 2. c4 g6 3. Nc3 Bg7 4. g3 d6 5. Nf3 0-0 6. Bg2 Nbd7 7. 0-0 e5 8. e3 c6 9. Qc2 Qe7 10. b3 e4 11. Nd2 d5 12. a4 Qe6 13. Ba3 Rd8 14. cxd5 cxd5 15. Nb5 Qc6 16. Qb2 Nf8 17. Rac1 Qd7 18. Rc7 Qg4 19. Be7 Rd7 20. Bxf6 Bxf6 21. Rxd7 Qxd7 22. f3 exf3 23. Bxf3 Bg5 24. Qc3 Ne6 25. Qd3 b6 26. e4 Bb7 27. e5 a6 28. Nd6 Bc6 29. Bg4 Rf8 30. Nf3 Bh6 31. Qxa6 Qc7 32. Qd3 Ba8 33. Ne1 Qe7 34. Nc2 Qc7 35. Nxf7 Rxf7 36. Bxe6 1-0

[Event "CHN-ch Rapid (Women)"]
[Site "Hohhot"]
[Date "2024.11.12"]
[Round "1"]
[White "Ni, Shiqun"]
[Black "Wang, Chuqiao"]
[Result "1-0"]
[WhiteElo "2343"]
[BlackElo "2068"]
[PlyCount "65"]
[EventDate "2024.11.12"]
[EventType "swiss (rapid)"]
[EventRounds "9"]
[EventCountry "CHN"]
[SourceTitle "CB49_2024"]
[SourceDate "2024.12.04"]
[SourceVersion "1"]
[SourceVersionDate "2024.12.04"]
[SourceQuality "1"]

1. e4 e5 2. Nf3 Nc6 3. Bb5 a6 4. Ba4 Nf6 5. 0-0 Be7 6. d3 b5 7. Bb3 0-0 8. Nc3 d6 9. a3 Rb8 10. Be3 Be6 11. Nd5 Na5 12. Nxf6+ Bxf6 13. Bxe6 fxe6 14. b4 Nc6 15. c3 Qd7 16. a4 a5 17. bxa5 Nxa5 18. axb5 Qxb5 19. c4 Nxc4 20. dxc4 Qxc4 21. Nd2 Qd3 22. Qg4 Rbe8 23. Ra7 Rf7 24. Rc1 Bd8 25. h4 d5 26. Nf3 h5 27. Qxh5 Qxe4 28. Nxe5 Rff8 29. Ng6 Rf5 30. Qh8+ Kf7 31. Raxc7+ Bxc7 32. Rxc7+ Kxg6 33. Qxg7+ 1-0

[Event "Belt and Road Shaoxing 6th"]
[Site "Shaoxing"]
[Date "2024.08.02"]
[Round "9"]
[White "Yang, Yijing"]
[Black "Wang, Chuqiao"]
[Result "1-0"]
[WhiteElo "2022"]
[BlackElo "2278"]
[PlyCount "69"]
[EventDate "2024.07.24"]
[EventType "swiss"]
[EventRounds "9"]
[EventCountry "CHN"]
[SourceTitle "EXT 2025"]
[Source "ChessBase"]
[SourceDate "2024.10.14"]
[SourceVersion "1"]
[SourceVersionDate "2024.10.14"]
[SourceQuality "1"]

1. d4 Nf6 2. c4 e6 3. Nc3 d5 4. cxd5 exd5 5. Bg5 c6 6. e3 h6 7. Bh4 Be7 8. Bd3 0-0 9. Bg3 Bd6 10. Nge2 Re8 11. 0-0 a5 12. Qd2 Na6 13. f3 Bxg3 14. Nxg3 Be6 15. Rae1 b5 16. Bb1 Qb6 17. Nce2 c5 18. Nf4 Nb4 19. a3 Nc6 20. Qc2 cxd4 21. Nfh5 dxe3 22. Nxf6+ gxf6 23. Qh7+ Kf8 24. Qxh6+ Ke7 25. Rxe3 Ne5 26. Kh1 Rh8 27. Qf4 Rh4 28. Qxh4 Qxe3 29. f4 Nd3 30. Bxd3 Qxd3 31. f5 Bd7 32. Re1+ Kd6 33. Qf4+ Kc6 34. Rc1+ Kb6 35. Qd6+ 1-0

[Event "Belt and Road Shaoxing 6th"]
[Site "Shaoxing"]
[Date "2024.07.26"]
[Round "3"]
[White "Ha, Yihan"]
[Black "Wang, Chuqiao"]
[Result "1-0"]
[WhiteElo "2166"]
[BlackElo "2278"]
[PlyCount "123"]
[EventDate "2024.07.24"]
[EventType "swiss"]
[EventRounds "9"]
[EventCountry "CHN"]
[SourceTitle "CBM 221 Extra"]
[Source "ChessBase"]
[SourceDate "2024.09.30"]
[SourceVersion "1"]
[SourceVersionDate "2024.09.30"]
[SourceQuality "1"]

1. Nf3 d5 2. g3 c6 3. Bg2 Bg4 4. c4 e6 5. 0-0 Nf6 6. Qb3 Qb6 7. d4 Nbd7 8. h3 Bf5 9. c5 Qa6 10. Nc3 b6 11. cxb6 axb6 12. Nh4 Bg6 13. Nxg6 hxg6 14. e4 dxe4 15. Nxe4 Nd5 16. Bd2 Be7 17. Rfc1 Rc8 18. a4 0-0 19. a5 bxa5 20. Rxa5 Qb6 21. Qxb6 N7xb6 22. Ra6 Ra8 23. Rxa8 Rxa8 24. Rxc6 Ra2 25. Nc3 Rxb2 26. Bc1 Rb3 27. Nxd5 Nxd5 28. Bxd5 exd5 29. Rc8+ Kh7 30. Be3 Rb7 31. Kg2 g5 32. Rc6 f6 33. Ra6 Kg6 34. Ra5 Rd7 35. Kf3 Kf5 36. Rb5 Ke6 37. Rb6+ Bd6 38. Ra6 Rb7 39. h4 Ke7 40. hxg5 f5 41. g4 fxg4+ 42. Kxg4 Bh2 43. Kf5 Rb2 44. Ra7+ Kf8 45. Ke6 g6 46. Kxd5 Bg1 47. Ra6 Ke7 48. Rf6 Rc2 49. Ke4 Ra2 50. Kf3 Bh2 51. Rxg6 Bd6 52. Ke4 Bb4 53. f4 Re2 54. Kd3 Re1 55. f5 Rd1+ 56. Kc4 Ba3 57. Rg7+ Kf8 58. f6 Re1 59. Bf4 Rf1 60. Be5 Rg1 61. g6 Rg2 62. Ra7 1-0